Family Medicine Board Review

Saved in:
Bibliographic Details
Main Author:  Waickus Cynthia M
Format: Sách
Language:Undetermined
Published:  McGraw-Hill  2010
Subjects:
Tags: Add Tag
No Tags, Be the first to tag this record!
Institutions: Trung tâm Thư viện - Trường Đại học Công nghiệp TP. Hồ Chí Minh
LEADER 00478nam a2200157Ia 4500
001 UIH_05523
008 231011s9999 xx 000 0 und d
082 |a  610.7 
100 |a  Waickus Cynthia M 
245 0 |a  Family Medicine Board Review 
245 0 |c  Waickus Cynthia M 
260 |b  McGraw-Hill 
260 |c  2010 
650 |a  Y học; Family medicine;  
927 |a Sách 
980 |a Trung tâm Thư viện - Trường Đại học Công nghiệp TP. Hồ Chí Minh